000 00838nam a2200277Ia 4500
001 dia_40
003 CHAP
005 20221202134609.0
008 220117s1997 xx 000 0 und d
010 _a170473
020 _a0-85199-210-2
040 _cCHAP
082 _a634.6 M58
100 _aMitra, S. K.
_9147036
245 _aPostharvest physiology and storage of tropical and subtropical fruits /
_c S. K. Mitra
260 _aReino Unido :
_b Cabi International,
_c1997
300 _a423 p.
500 _aMaterial fotocopiado
503 _aI. 203423
650 _a1.Frutas tropicales
_xFisiologĂ­a en postcosecha
_9147037
650 _aFrutas tropicales
_xAlmacenamiento
_9147038
901 _a634.6 M58
902 _aM
905 _a0000001997 -ukA 0000000000eng00
942 _cLIBRO
_2ddc
999 _c170473
_d170473